000
00322nam a22001337a 4500
008
180316b xxu||||| |||| 00| 0 eng d
020
_a
9781285775319
041
_a
eng
080
_2
8th
_a
33
100
_a
57
101
_a
BIZ
245
_a
The computer and information science and technology
_c
Kelly,M
942
_2
udc
_c
BK
999
_c
45253
_d
45253